Wszystkie przystanki końcowe ZKM Gdynia - Statystyki

Ogólne statystyki
  • Ten quiz został rozwiązany 66 razy
  • Średni wynik to 33 z 86
Statystyki odpowiedzi
Miejscowość Przystanek % Poprawnych
Gdynia Kacze Buki
90%
Sopot Sopot Reja
82%
Gdynia Gdynia Dworzec Gł. PKP
77%
Gdynia Cisowa SKM
69%
Gdynia Plac Kaszubski
69%
Gdynia/Pogórze Pogórze Górne
69%
Gdynia Witomino Leśniczówka
69%
Gdynia Babie Doły
67%
Gdynia Redłowo Szpital
64%
Gdynia Obłuże Maciejewicza
62%
Gdynia Chylonia Dworzec PKP
59%
Gdynia Cisowa Sibeliusa
59%
Gdynia Dąbrowa Miętowa
59%
Gdynia Karwiny Nowowiczlińska
59%
Mechelinki Mechelinki-Przystań
59%
Gdynia Orłowo SKM ,,Klif"
59%
Gdynia Wielki Kack Fikakowo
59%
Kosakowo Kosakowo-Urząd Gminy
56%
Gdynia Pogórze Dolne
56%
Rumia Rumia Dworzec PKP
56%
Gdynia Wiczlino Niemotowo
56%
Gdynia Witomino Sosnowa
56%
Żukowo Żukowo-Urząd Gminy
56%
Gdańsk/Sopot Ergo Arena
54%
Gdynia Węzeł Franciszki Cegielskiej
54%
Gdynia Mały Kack Sandomierska
51%
Gdynia Oksywie Dickmana
51%
Gdynia Oksywie Dolne
51%
Gdynia Pustki Cisowskie
51%
Gdynia Chwarzno Sokółka
49%
Gdynia Grabówek SKM
49%
Gdynia Karwiny Tuwima
49%
Gdańsk Oliwa
49%
Gdynia Redłowo SKM
49%
Gdynia Dom Marynarza
46%
Gdynia Mały Kack Strzelców
46%
Gdynia Płyta Redłowska
44%
Wejherowo Wejherowo Szpital
44%
Gdynia Dworzec Morski-Muzeum Emigracji
41%
Gdynia Demptowo
38%
Koleczkowo Koleczkowo-Poczta
36%
Gdynia Norwida
36%
Gdynia Oksywie Godebskiego
36%
Rewa Rewa-Bursztynowa
36%
Gdynia Wielki Kack Starodworcowa
36%
Gdynia 3 Maja-Hala
33%
Gdynia Chwarzno Polanki
33%
Gdynia Działki Leśne-Sztumska
33%
Gdańsk Oliwa ZOO
33%
Gdynia Pogórze Dolne Złota
33%
Gdynia Stocznia Gdynia
33%
Gdynia Babie Doły-Plaża
31%
Rumia Rumia Szmelta
31%
Gdynia Wiczlino Działki I
31%
Gdynia Baza na Pogórzu Dolnym
28%
Sopot Kamienny Potok SKM
28%
Rumia Rumia Partyzantów
28%
Suchy Dwór Suchy Dwór-Borchardta
28%
Gdynia Obłuże Centrum
26%
Szemud Szemud-Centrum Samorządowe
26%
Sopot Brodwino
23%
Gdynia Mały Kack Łęczycka
23%
Reda Reda Bosmańska
23%
Gdynia Terminal Kontenerowy
23%
Sopot Sanatorium ,,Leśnik"
21%
Gdynia Stolarska
21%
Gdynia Wzgórze św. Maksymiliana-Syrokomli
21%
Gdynia Chylonia Dworzec PKP-Os. Meksyk
18%
Sopot Dolny Sopot-Haffnera
18%
Kosakowo Kosakowo-Kościół
18%
Sopot Osiedle Mickiewicza
18%
Sopot Rynek Non-Stop
18%
Gdynia Dąbrowa Centrum
15%
Dębogórze Dębogórze-Słonecznikowa
15%
Rumia Janowo SKM
13%
Gdynia Kacze Buki-Puszczyka
13%
Sopot Kamienny Potok-Kujawska
13%
Dębogórze-Wybudowanie Dębogórze-Wybudowanie-Leśna
10%
Rumia Rumia Cmentarz Komunalny
10%
Kosakowo Kosakowo-Centrum Sportowe
8%
Rumia Janowo SKM-Sobieskiego
5%
Gdynia Morska-Estakada
5%
Rumia Podmokła
5%
Kosakowo Kosakowo-Gryfa Pomorskiego
3%
Gdynia Czernickiego I
0%
Gdynia Turkusowa
0%
Nie znaleziono quizów pasujących do podanych kryteriów
Rozkład punktacji
Procent ludzi z każdym wynikiem
Percentyl według liczby udzielonych odpowiedzi
Twoja historia wyników
Nie rozwiązałeś tego quizu